| 000 | 00419nam a22001697a 4500 | ||
|---|---|---|---|
| 005 | 20181229132742.0 | ||
| 008 | 160701b xxu||||| |||| 00| 0 eng d | ||
| 020 | _a978-81-775-8175-9 | ||
| 041 | _aeng | ||
| 082 |
_b20255 _a005.4476 |
||
| 100 |
_aTanenbaum Andrews _93365 |
||
| 245 | _aDistributed Operating system | ||
| 260 |
_bPearson _c1995 |
||
| 300 | _a594 | ||
| 650 |
_aInformation Technology _9137 |
||
| 942 | _cBK | ||
| 999 |
_c5029 _d5027 |
||